|
|
|
|
| LEADER |
02762nam a2200397 a 4500 |
| 001 |
14902847 |
| 003 |
BD-DhAAL |
| 008 |
090729s2008 pauaf b 001 0 eng d |
| 010 |
|
|
|a \\2007026228
|
| 020 |
|
|
|a 9780781768795
|
| 020 |
|
|
|a 9788189960308
|
| 020 |
|
|
|a 0781768799
|
| 040 |
|
|
|a DNLM/DLC
|c DLC
|d NLM
|d BAKER
|d MUQ
|d YDXCP
|d COU
|d C#P
|d BWX
|d BTCTA
|d DLC
|
| 082 |
0 |
0 |
|a 616.07/56
|2 22
|
| 245 |
0 |
0 |
|a Foye's principles of medicinal chemistry /
|c edited by Thomas L. Lemke, David A. Williams ; assistant editors, Victoria F. Roche, S. William Zito ... [et al.].
|
| 246 |
3 |
0 |
|a Principles of medicinal chemistry
|
| 250 |
|
|
|a Six edition.
|
| 260 |
|
|
|a Philadelphia :
|b Lippincott Williams & Wilkins,
|c c2008.
|
| 300 |
|
|
|a xiv, 1377 pages, 8 p. of plates :
|b illustrations (some col.) ;
|c 29 cm.
|
| 504 |
|
|
|a Includes bibliographical references and index.
|
| 526 |
|
|
|x Mustak Ibn Ayub
Department of Mathematics and Natural Sciences
Course name and no. "not available"
|
| 541 |
1 |
|
|e 00018872, 18873,18874, 30772, 30773
|
| 650 |
|
0 |
|a Pharmaceutical chemistry.
|9 16930
|
| 650 |
1 |
2 |
|a Chemistry, Pharmaceutical.
|9 16931
|
| 650 |
1 |
2 |
|a Pharmacy.
|9 44330
|
| 700 |
1 |
|
|a Foye, William O.
|9 16932
|
| 700 |
1 |
|
|a Lemke, Thomas L.
|9 16933
|
| 700 |
1 |
|
|a Williams, David A.,
|d 1938-
|9 16934
|
| 852 |
4 |
|
|a Ayesha Abed Library
|j General shelf
|
| 942 |
|
|
|2 ddc
|c BK
|
| 999 |
|
|
|c 3767
|d 3767
|
| 952 |
|
|
|0 0
|1 0
|2 ddc
|4 0
|6 616_075600000000000_FOY_2008
|7 0
|9 3418
|a BRACUL
|b BRACUL
|c GEN
|d 2009-09-03
|e Parash Publishers
|g 1855.00
|l 2
|m 23
|o 616.0756 FOY
|p 3010018872
|r 2023-03-05
|s 2023-02-23
|t 1
|v 3710.00
|w 2009-09-03
|y BK
|x Requisitioned by Mustak Ibn Ayub, Department of Mathematics and Natural Sciences, Course name and no. "not available"
|
| 952 |
|
|
|0 0
|1 0
|2 ddc
|4 0
|6 616_075600000000000_FOY_2008
|7 0
|9 10574
|a BRACUL
|b BRACUL
|c GEN
|d 2010-05-31
|e Parash Publishers
|g 1855.00
|l 2
|m 25
|o 616.0756 FOY
|p 3010018873
|r 2016-12-04
|s 2016-07-20
|t 2
|v 3710.00
|w 2010-05-31
|y BK
|x Requisitioned by Mustak Ibn Ayub, Department of Mathematics and Natural Sciences, Course name and no. "not available"
|
| 952 |
|
|
|0 0
|1 0
|2 ddc
|4 0
|6 616_075600000000000_FOY_2008
|7 0
|9 10575
|a BRACUL
|b BRACUL
|c GEN
|d 2010-05-31
|e Parash Publishers
|g 1855.00
|l 1
|o 616.0756 FOY
|p 3010018874
|r 2015-05-26
|s 2015-02-13
|t 3
|v 3710.00
|w 2010-05-31
|y BK
|x Requisitioned by Mustak Ibn Ayub, Department of Mathematics and Natural Sciences, Course name and no. "not available"
|
| 952 |
|
|
|0 0
|1 0
|2 ddc
|4 0
|6 616_070000000000000_56_FOY
|7 0
|9 57354
|a BRACUL
|b BRACUL
|c GEN
|d 2015-12-23
|e Karim International
|g 1350.00
|l 4
|m 7
|o 616.0756 FOY
|p 3010030772
|r 2023-01-05
|s 2022-12-11
|t 4
|w 2015-12-23
|y BK
|
| 952 |
|
|
|0 0
|1 0
|2 ddc
|4 0
|6 616_070000000000000_56_FOY
|7 0
|9 57355
|a BRACUL
|b BRACUL
|c GEN
|d 2015-12-23
|e Karim International
|g 1350.00
|l 2
|m 23
|o 616.0756 FOY
|p 3010030773
|r 2024-10-28
|s 2024-10-15
|t 5
|w 2015-12-23
|y BK
|